000 00837nam a2200241 i 4500
001 114956
003 ES-MaACL
005 20250918063031.0
007 t|
008 070214s1929 sp ||||1| spa d
080 _a820-22"16"
100 1 _aJonson, Ben,
_d1573?-1637
_9242266
245 1 0 _aVolpone
_b: farsa en tres actos y cinco cuadros /
_cBen Jonson ; traducción y adaptación de Benjamín Jarnes ; dibujos de Garrán.
260 _aMadrid :
_bRivadeneyra,
_c1929.
300 _a62 p. :
_bil. ;
_c17 cm.
490 1 _aLa Farsa ;
_v120
500 _aEstrenada en el teatro Alkázar, de Madrid, el día 20 de diciembre de 1929.
700 1 _aGarran.
_9185629
700 1 _aJarnés, Benjamín,
_d1888-1949
_9154398
830 0 _aLa Farsa ;
_v120
_9185863
852 _aES-MaACL
_jC-13199
999 _c114956
_d114956